Loading...

Administrative Tribunals Cases

Bibliographic Details
Format: Printed Book
Published: Lucknow: Eastern, 1991.
Subjects:
LEADER 00388cam a2200109ua 4500
082 |a 342.06605 
245 |a Administrative Tribunals Cases 
260 |a Lucknow:  |b Eastern,  |c 1991. 
653 |a Administrative Tribunals Cases 
942 |c REF 
999 |c 275958  |d 275958 
952 |0 0  |1 0  |4 0  |6 342_066050000000000_ADMA_17  |7 0  |9 293649  |a LAW  |b LAW  |d 2020-03-04  |l 0  |o 342.06605 ADM-A.17  |p LAW978  |r 2020-03-04  |t 1  |w 2020-03-04  |y REF